000 00458nmm a2200169Ia 4500
008 251105s9999||||xx |||||||||||||||||und||
020 _a9788498160123
041 _aspa
100 _aDarío, Rubén
245 0 _aCantos de vida y esperanza
264 _a[Madrid, España] :
_bLinkgua,
_c2011
300 _a113 páginas
490 _aPoesía
650 _aLatin American poetry
856 _uhttps://public.digitaliapublishing.com/a/13468
942 _cCF
999 _c90778
_d90778